000 00742cam a2200229 4500
001 J1714
008 090401t1993 xxu||||| |||| 00| 0 eng d
035 _a(Sirsi) u45145
041 _aeng
110 _aEurope
_bEuropean Communities Council
_92364
245 _aCouncil Regulation (EEC) No. 1836/93 of 29 June 1993 allowing voluntary participation by companies in the industrial sector in a Community eco-management and audit scheme.
260 _c1993
300 _a18p. ; 30cm.
350 _a0
490 _aRegulation (EEC)
_v1836/93
650 _aEC REGULATIONS
650 _aECO MANAGEMENT AUDIT SCHEME
650 _aENVIRONMENTAL AUDITS
690 _aENVIRONMENTAL AND LAND CONSULTANCY
942 _n0
948 _c04/03/1997
999 _c91649
_d91649